9 Fictional British Characters II Quiz Stats

 Plays Quiz Updated Jun 3, 2019

Score 0/9 Timer 01:00
3 Plays Today
% Correct
Sherlock Holmes
97.2%
Mary Poppins
97.1%
James Bond
97%
Tarzan
96.7%
Peter Pan
96.6%
Bill Sikes
94.4%
Piggy
91.5%
Emma Woodhouse
87.8%
Susan Pevensie
86.3%

You're not logged in!

Compare scores with friends on all Sporcle quizzes.
OR
Log In

Sporcle TV

Today on Sporcle TV


Watch our educational content, quiz creation guides, and fun videos on Sporcle TV.

Show Comments

Extras

Top Quizzes Today


Score Distribution

Your Account Isn't Verified!

In order to create a playlist on Sporcle, you need to verify the email address you used during registration. Go to your Sporcle Settings to finish the process.

Report this User

Report this user for behavior that violates our Community Guidelines.

Details: